000 00439nam a2200181Ia 4500
001 785
005 20260306140543.0
008 260306t2007||||xx |||||||||||||| ||spa||
041 _aESP
082 _a165
_bB92
100 _aBunge, Mario
_eAUT
245 2 _aA la caza de la realidad:
_bla controversia sobre realismo
260 _c2007
300 _a452 páginas :
_c22 cm.
650 _aGEN
654 _aCHU
942 _cLIB
_dJUS
_fJUS
_2ddc
_n
999 _c785
_d785